Todos temos direitos (Record no. 50273)
[ view plain ]
| 000 -LÍDER | |
|---|---|
| campo de controle de tamanho fixo | 00349 a2200157 4500 |
| 001 - NÚMERO DE CONTROLE | |
| campo de controle | 50273 |
| 020 ## - ISBN - INTERNATIONAL STANDARD BOOK NUMBER | |
| ISBN - International Standard Book Number | 850807235X |
| 040 ## - FONTE DA CATALOGAÇÃO | |
| Instituição que transcreveu o registro | Anchieta - Bela Vista |
| 240 10 - TÍTULO UNIFORME | |
| Título uniforme | Todos temos direitos |
| Idioma da obra | por |
| 245 10 - TÍTULO | |
| Título | Todos temos direitos |
| 300 ## - DESCRIÇÃO FÍSICA | |
| Extensão | 96 |
| 362 0# - DATAS DE PUBLICAÇÃO E/OU DESIGNAÇÃO SEQUENCIAL | |
| Datas de publicação e/ou designação sequencial | 2000 |
| 440 #1 - DECLARAÇÃO DE SÉRIE/ENTRADA ADICIONADA--TÍTULO | |
| Título | Ática |
| 650 #4 - ASSUNTO--TERMO TÓPICO | |
| Cabeçalho tópico ou nome geográfico | Cidadania e tópicos relacionados |
| 942 ## - ELEMENTOS DE ENTRADA ADICIONADOS (KOHA) | |
| Tipo de material Koha | Livros |
| Situação do descarte | Situação das perdas | Situação física | Não pode ser emprestado | Biblioteca de origem | Biblioteca atual | Data de aquisição | Total de empréstimos | Número de chamada completo | Código de barras | Data de último acesso | Data do preço efetivo | Tipo de material Koha | Fonte da classificação ou esquema de arquivamento na estante | Nota pública |
|---|---|---|---|---|---|---|---|---|---|---|---|---|---|---|
| Colégio Anchieta - Bela Vista | Colégio Anchieta - Bela Vista | 21/11/2023 | 323.6 T639t TOD | 3940/BEL | 21/11/2023 | 21/11/2023 | Livros | |||||||
| Colégio Anchieta - Bela Vista | Colégio Anchieta - Bela Vista | 21/11/2023 | 323.6 T639t TOD | 4637/BEL | 21/11/2023 | 21/11/2023 | Livros | |||||||
| Novo Tempo - Aureliano São José | Novo Tempo - Aureliano São José | 10/07/2024 | if1112 | 10/07/2024 | 10/07/2024 | Livros | Classificação Decimal de Dewey | T |